Nucleic acid in plants. V 2. (Record no. 35573)

MARC details
000 -LEADER
fixed length control field 00531nam a2200217Ia 4500
082 ## - DEWEY DECIMAL CLASSIFICATION NUMBER
Classification number 577.113
Item number HAL.2
100 ## - MAIN ENTRY--AUTHOR NAME
Personal name Davies, Jeffrey W
245 #0 - TITLE STATEMENT
Title Nucleic acid in plants. V 2.
260 ## - PUBLICATION, DISTRIBUTION, ETC. (IMPRINT)
Place of publication Florida
Name of publisher CRC Press
Year of publication 1979
650 ## - SUBJECT ADDED ENTRY--TOPICAL TERM
Topical Term Bacterial plasmid
650 ## - SUBJECT ADDED ENTRY--TOPICAL TERM
Topical Term DNA
650 ## - SUBJECT ADDED ENTRY--TOPICAL TERM
Topical Term Genetic engineering
650 ## - SUBJECT ADDED ENTRY--TOPICAL TERM
Topical Term Nucleic acid
650 ## - SUBJECT ADDED ENTRY--TOPICAL TERM
Topical Term Plant virus
650 ## - SUBJECT ADDED ENTRY--TOPICAL TERM
Topical Term RNA
650 ## - SUBJECT ADDED ENTRY--TOPICAL TERM
Topical Term Somatic cell
650 ## - SUBJECT ADDED ENTRY--TOPICAL TERM
Topical Term Viroids
700 ## - ADDED ENTRY--PERSONAL NAME
Personal name Hall, Timothy C
942 ## - ADDED ENTRY ELEMENTS (KOHA)
Koha item type Books
Holdings
Withdrawn status Lost status Damaged status Not for loan Home library Current library Date acquired Full call number Accession Number Koha item type
        RRII Library RRII Library 16/12/2021 577.113 HAL.2 15996 Books